[Event "St Petersburg Summer op"]
[Site "St Petersburg"]
[Date "2017.08.17"]
[Round "2"]
[White "Smorodkin, Kirill"]
[Black "Pyatin, Alexander"]
[Result "0-1"]
[WhiteElo "1726"]
[BlackElo "2179"]
[PlyCount "86"]
[EventDate "2017.08.16"]
[EventType "swiss"]
[EventRounds "9"]
[EventCountry "RUS"]
[SourceTitle "CBM 180 Extra"]
[Source "ChessBase"]
[SourceDate "2017.10.06"]
[SourceVersion "1"]
[SourceVersionDate "2017.10.06"]
[SourceQuality "1"]

1. e4 Nf6 2. e5 Nd5 3. d4 d6 4. c4 Nb6 5. exd6 exd6 6. Nc3 Bf5 7. Nf3 Be7 8. Bd3 Bg6 9. 0-0 c6 10. b3 0-0 11. Bb2 a5 12. a3 Na6 13. Rc1 d5 14. c5 Nd7 15. Re1 Nc7 16. Ne2 Ne6 17. Ng3 Bf6 18. Bxg6 hxg6 19. h3 Nexc5 20. Qc2 Ne6 21. Rcd1 Re8 22. Re2 Nf4 23. Rxe8+ Qxe8 24. Re1 Qf8 25. a4 Qd6 26. Qd2 b5 27. Bc3 bxa4 28. bxa4 Nb6 29. Qc2 c5 30. Rb1 Qc6 31. Bd2 Ne6 32. dxc5 Nc4 33. Rc1 Nxc5 34. Bc3 Qxa4 35. Qxa4 Nxa4 36. Bxf6 gxf6 37. Nd4 Nc5 38. Nge2 a4 39. Nc3 Nb3 40. Nxb3 axb3 41. Nxd5 b2 42. Rb1 Ra1 43. Nc3 Nd2 0-1

[Event "St Petersburg Summer op"]
[Site "St Petersburg"]
[Date "2016.08.25"]
[Round "9"]
[White "Pyatin, Alexander"]
[Black "Markelova, Lubov"]
[Result "1/2-1/2"]
[WhiteElo "2204"]
[BlackElo "2108"]
[PlyCount "59"]
[EventDate "2016.08.17"]
[EventType "swiss"]
[EventRounds "9"]
[EventCountry "RUS"]
[SourceTitle "CBM 174 Extra"]
[Source "ChessBase"]
[SourceDate "2016.10.10"]
[SourceVersion "1"]
[SourceVersionDate "2016.10.10"]
[SourceQuality "1"]

1. e4 e6 2. d3 c5 3. g3 Nc6 4. Bg2 g6 5. f4 Bg7 6. c3 d6 7. Nf3 Nge7 8. 0-0 0-0 9. Be3 Bd7 10. Kh1 Rc8 11. Nbd2 b5 12. a3 a5 13. Re1 a4 14. Bg1 b4 15. e5 bxc3 16. bxc3 Nf5 17. Rc1 Na5 18. Ne4 Nb3 19. g4 Nh4 20. Nxh4 Qxh4 21. Bf2 Qd8 22. Nxd6 Nxc1 23. Nxc8 Nxd3 24. Qxd3 Qxc8 25. Qc4 Bc6 26. Qxc5 Bxg2+ 27. Kxg2 Qb7+ 28. Kg1 Qf3 29. Qd4 Qxg4+ 30. Kh1 1/2-1/2

[Event "St Petersburg Summer op"]
[Site "St Petersburg"]
[Date "2016.08.19"]
[Round "3"]
[White "Usmanov, Vasily"]
[Black "Pyatin, Alexander"]
[Result "1-0"]
[WhiteElo "2423"]
[BlackElo "2204"]
[PlyCount "119"]
[EventDate "2016.08.17"]
[EventType "swiss"]
[EventRounds "9"]
[EventCountry "RUS"]
[SourceTitle "CBM 174 Extra"]
[Source "ChessBase"]
[SourceDate "2016.10.10"]
[SourceVersion "1"]
[SourceVersionDate "2016.10.10"]
[SourceQuality "1"]

1. Nf3 Nf6 2. c4 Nc6 3. d4 e6 4. g3 Bb4+ 5. Nc3 0-0 6. Bg2 d6 7. Qb3 Re8 8. 0-0 Bxc3 9. Qxc3 e5 10. d5 Nb8 11. Re1 e4 12. Nd4 c5 13. dxc6 bxc6 14. c5 Nd5 15. Qa3 Qf6 16. Rd1 dxc5 17. Qxc5 Bb7 18. Nb3 Nd7 19. Qd4 c5 20. Qxf6 N5xf6 21. Be3 c4 22. Na5 Bd5 23. Rac1 Rab8 24. Rd2 Rb4 25. Rdc2 Nb6 26. b3 cxb3 27. axb3 Rb5 28. Rc5 Rxc5 29. Rxc5 Rc8 30. b4 Nfd7 31. Rxc8+ Nxc8 32. Kf1 f5 33. Ke1 Ndb6 34. Bc5 Na4 35. Bd4 Ncb6 36. e3 g6 37. Bf1 Nc8 38. Nc4 Kf7 39. Na3 Ke7 40. Nb5 Nab6 41. Nxa7 Nxa7 42. Bxb6 Nc6 43. Bc5+ Kd8 44. Kd2 Ne5 45. Kc3 Ng4 46. Kd4 Bg8 47. Ba6 Nxh2 48. Ke5 Kd7 49. Be2 Nf3+ 50. Kf6 Kc6 51. Kg7 Be6 52. Kxh7 Bf7 53. Kg7 Be8 54. Kf6 Kd5 55. Ba7 Ne5 56. Ba6 Nd3 57. b5 Nb4 58. Bb7+ Kd6 59. b6 Nc6 60. Bc8 1-0

[Event "Chigorin Memorial 23rd"]
[Site "St Petersburg"]
[Date "2015.10.03"]
[Round "1"]
[White "Pyatin, Alexander"]
[Black "Borunova, Tatiana"]
[Result "1-0"]
[WhiteElo "2175"]
[BlackElo "1599"]
[PlyCount "87"]
[EventDate "2015.10.03"]
[EventType "swiss"]
[EventRounds "9"]
[EventCountry "RUS"]
[SourceTitle "CBM 168 Extra"]
[Source "ChessBase"]
[SourceDate "2015.10.29"]
[SourceVersion "1"]
[SourceVersionDate "2015.10.29"]
[SourceQuality "1"]

1. e4 e6 2. d3 d5 3. Nd2 Nf6 4. Ngf3 c5 5. g3 Nc6 6. Bg2 g6 7. 0-0 Bg7 8. Re1 0-0 9. h4 Qc7 10. Nh2 h5 11. f4 d4 12. e5 Nd5 13. Ne4 b6 14. a3 Nce7 15. g4 hxg4 16. Qxg4 Bb7 17. h5 f5 18. exf6 Nxf6 19. Qxe6+ Kh8 20. h6 Nxe4 21. hxg7+ Kxg7 22. Bxe4 Bxe4 23. Rxe4 Nf5 24. Qe5+ Qxe5 25. Rxe5 Rae8 26. Rxe8 Rxe8 27. Kf2 b5 28. a4 b4 29. Bd2 a5 30. Re1 Rxe1 31. Kxe1 Nd6 32. Nf3 Kf6 33. Ne5 Kf5 34. Nc4 Nb7 35. Kf2 Ke6 36. Kg3 Kf5 37. Kf3 Ke6 38. Ke4 Nd6+ 39. Nxd6 Kxd6 40. f5 gxf5+ 41. Kxf5 Kd5 42. b3 Kd6 43. Bf4+ Kd5 44. Kf6 1-0

[Event "Chigorin Memorial 22nd"]
[Site "St Petersburg"]
[Date "2014.10.18"]
[Round "1"]
[White "Pyatin, Alexander"]
[Black "Volkov, Sergey"]
[Result "0-1"]
[WhiteElo "2142"]
[BlackElo "2599"]
[PlyCount "112"]
[EventDate "2014.10.18"]
[EventType "swiss"]
[EventRounds "9"]
[EventCountry "RUS"]
[SourceTitle "EXT 2015"]
[Source "ChessBase"]
[SourceDate "2014.11.20"]
[SourceVersion "1"]
[SourceVersionDate "2014.11.20"]
[SourceQuality "1"]

1. e4 e6 2. d4 d5 3. Nc3 Nf6 4. Bg5 Bb4 5. exd5 Qxd5 6. Bxf6 Bxc3+ 7. bxc3 gxf6 8. Qd2 Nc6 9. Nf3 Rg8 10. Rg1 b6 11. c4 Qe4+ 12. Be2 Ba6 13. 0-0-0 Na5 14. Bd3 Qc6 15. d5 Qa4 16. dxe6 fxe6 17. Bxh7 Qa3+ 18. Kb1 Bxc4 19. c3 Bd5 20. Qc2 Rg7 21. Bg6+ Kf8 22. Rxd5 exd5 23. Nd4 Re7 24. Nf5 Nc4 25. Nxe7 Qxe7 26. Qd3 Rd8 27. h4 Qa3 28. Qc2 d4 29. Rd1 Rd5 30. Qb3 Qc5 31. Ka1 c6 32. h5 dxc3 33. Rxd5 cxd5 34. Qxc3 Qxf2 35. g4 Qf1+ 36. Bb1 Qf4 37. Qb4+ Kg8 38. Qc3 Kg7 39. Bf5 Qf1+ 40. Bb1 Qf4 41. Bf5 b5 42. a3 a5 43. Qb3 Qc1+ 44. Ka2 Qd2+ 45. Qc2 Qe3 46. Qb3 Qf2+ 47. Qc2 Qc5 48. Qb3 b4 49. axb4 axb4 50. Bc2 Ne3 51. Bd3 Nxg4 52. Be2 Ne3 53. Qd3 f5 54. Qa6 Qc2+ 55. Ka1 Qc3+ 56. Kb1 Qb3+ 0-1

[Event "Chigorin Memorial 21st"]
[Site "St Petersburg"]
[Date "2013.10.10"]
[Round "6"]
[White "Egorov, Daniil"]
[Black "Pyatin, Alexander"]
[Result "0-1"]
[WhiteElo "1929"]
[BlackElo "2146"]
[PlyCount "84"]
[EventDate "2013.10.05"]
[EventType "swiss"]
[EventRounds "9"]
[EventCountry "RUS"]
[SourceTitle "CBM 156 Extra"]
[Source "ChessBase"]
[SourceDate "2013.10.22"]
[SourceVersion "1"]
[SourceVersionDate "2013.10.22"]
[SourceQuality "1"]

1. e4 c5 2. Nf3 e6 3. d4 cxd4 4. Nxd4 a6 5. Nc3 Ne7 6. Be2 Nbc6 7. Bf4 Nxd4 8. Qxd4 Nc6 9. Qe3 d6 10. Qg3 b5 11. 0-0-0 e5 12. Be3 Be6 13. f4 Qa5 14. Kb1 f6 15. Bg4 Bc4 16. Qh3 Kf7 17. Bd7 Nd8 18. f5 Ke7 19. Be6 Nxe6 20. fxe6 Bxe6 21. Nd5+ Kf7 22. Qh5+ g6 23. Qf3 Bxd5 24. Rxd5 Be7 25. Rf1 Qd8 26. g4 Rf8 27. Bh6 Re8 28. g5 Rc8 29. Qh3 Qc7 30. Rf2 Qc4 31. gxf6 Bxf6 32. Bg5 Qxe4 33. Rxf6+ Kg8 34. Qd3 Qh1+ 35. Bc1 e4 36. Qb3 Rc4 37. Qg3 Rxc2 38. Kxc2 Rc8+ 39. Kb3 Qxc1 40. Rxg6+ Kh8 41. Rd4 Qc2+ 42. Kb4 Qa4# 0-1

[Event "Chigorin Memorial 21st"]
[Site "St Petersburg"]
[Date "2013.10.09"]
[Round "5"]
[White "Pyatin, Alexander"]
[Black "Cheremnova, Tamara"]
[Result "0-1"]
[WhiteElo "2146"]
[BlackElo "2289"]
[PlyCount "140"]
[EventDate "2013.10.05"]
[EventType "swiss"]
[EventRounds "9"]
[EventCountry "RUS"]
[SourceTitle "CBM 156 Extra"]
[Source "ChessBase"]
[SourceDate "2013.10.22"]
[SourceVersion "1"]
[SourceVersionDate "2013.10.22"]
[SourceQuality "1"]

1. e4 c6 2. d4 d5 3. e5 Bf5 4. Nd2 e6 5. Nb3 Nd7 6. Nf3 a6 7. Be3 Rc8 8. Be2 c5 9. c3 cxd4 10. Bxd4 Ne7 11. 0-0 Nc6 12. Rc1 Be7 13. Re1 0-0 14. h3 Nxd4 15. Nbxd4 Bg6 16. Bd3 Bxd3 17. Qxd3 Nc5 18. Qe2 b5 19. Nd2 Qb6 20. Kh2 b4 21. c4 Na4 22. N2b3 dxc4 23. Rxc4 Rxc4 24. Qxc4 Nxb2 25. Qe2 Na4 26. f4 Rc8 27. Qg4 Rc4 28. f5 exf5 29. Qxf5 Rxd4 30. Rf1 f6 31. Nxd4 Qxd4 32. Qe6+ Kf8 33. Qc8+ Qd8 34. Qc2 Nc3 35. Qxh7 Qd5 36. Qh8+ Qg8 37. Qh4 Qd5 38. Qh8+ Qg8 39. Qh4 Nxa2 40. exf6 gxf6 41. Rxf6+ Bxf6 42. Qxf6+ Qf7 43. Qd8+ Kg7 44. Qg5+ Kh7 45. Qh4+ Kg6 46. Qg4+ Kf6 47. Qf4+ Ke6 48. Qc4+ Ke7 49. Qc7+ Kf8 50. Qd8+ Qe8 51. Qf6+ Kg8 52. Qg5+ Kh7 53. Qh4+ Kg6 54. Qg4+ Kf6 55. Qf4+ Ke6 56. Qe4+ Kd7 57. Qd5+ Kc7 58. Qxa2 Qe5+ 59. Kh1 a5 60. Qf2 Kc6 61. Qa7 Kb5 62. Qd7+ Kc4 63. Qa4 Kd3 64. Qd1+ Kc4 65. Qa4 Qd5 66. Kh2 Kc3 67. Qa1+ Kc2 68. Kg3 b3 69. h4 b2 70. Qa4+ Kc3 0-1

[Event "Chigorin Memorial 21st"]
[Site "St Petersburg"]
[Date "2013.10.07"]
[Round "3"]
[White "Pyatin, Alexander"]
[Black "Akkozov, Berik"]
[Result "0-1"]
[WhiteElo "2146"]
[BlackElo "2384"]
[PlyCount "52"]
[EventDate "2013.10.05"]
[EventType "swiss"]
[EventRounds "9"]
[EventCountry "RUS"]
[SourceTitle "CBM 156 Extra"]
[Source "ChessBase"]
[SourceDate "2013.10.22"]
[SourceVersion "1"]
[SourceVersionDate "2013.10.22"]
[SourceQuality "1"]

1. e4 e6 2. d3 c5 3. g3 Nc6 4. Bg2 Nf6 5. f4 d5 6. e5 Nd7 7. Nf3 Be7 8. 0-0 0-0 9. c3 b5 10. d4 Rb8 11. Be3 Ba6 12. Qc2 b4 13. Re1 Qc8 14. f5 cxd4 15. Bxd4 bxc3 16. bxc3 Nxd4 17. Nxd4 Nc5 18. Re3 Bg5 19. Rf3 Ne4 20. h4 Be7 21. Nd2 exf5 22. Nxf5 Bc5+ 23. Kh2 g6 24. Nh6+ Kg7 25. Bh3 Qb7 26. Ng4 Qb2 0-1

[Event "Chigorin Memorial 20th"]
[Site "St Petersburg"]
[Date "2012.11.03"]
[Round "8"]
[White "Oparin, Grigoriy"]
[Black "Pyatin, Alexander"]
[Result "1-0"]
[WhiteElo "2484"]
[BlackElo "2091"]
[PlyCount "121"]
[EventDate "2012.10.27"]
[EventType "swiss"]
[EventRounds "9"]
[EventCountry "RUS"]
[SourceTitle "EXT 2013"]
[Source "ChessBase"]
[SourceDate "2012.11.22"]
[SourceVersion "1"]
[SourceVersionDate "2012.11.22"]
[SourceQuality "1"]

1. e4 c5 2. Nf3 e6 3. d4 cxd4 4. Nxd4 a6 5. Nc3 Ne7 6. Be2 Nbc6 7. Be3 b5 8. 0-0 Nxd4 9. Qxd4 Nc6 10. Qd2 Be7 11. Rad1 0-0 12. Bf4 Qa5 13. a3 Rd8 14. Qe3 d6 15. Qg3 Qc7 16. Bh6 Bf6 17. Bg5 Bxg5 18. Qxg5 Bb7 19. Rd3 f6 20. Qh4 Qe7 21. Rh3 g6 22. f4 f5 23. Qf2 Qf6 24. Re1 Rd7 25. Re3 Rf8 26. exf5 Qxf5 27. h3 Nd4 28. Bg4 Qxf4 29. Qxf4 Rxf4 30. Bxe6+ Nxe6 31. Rxe6 d5 32. Re7 Rf7 33. Rxf7 Kxf7 34. Ne2 Re7 35. Rf1+ Ke6 36. Nd4+ Kd6 37. b4 Re4 38. c3 Re3 39. Rf6+ Kc7 40. Rf7+ Kb8 41. Rf3 Re1+ 42. Kf2 Ra1 43. Ke3 Rxa3 44. Kf4 Ra1 45. Ke5 Re1+ 46. Kd6 Re8 47. g4 h6 48. Kd7 Re5 49. Nb3 h5 50. Nc5 hxg4 51. hxg4 d4 52. Rf8+ Ka7 53. cxd4 Re2 54. Rf7 Rd2 55. Ke6 Rxd4 56. Rxb7+ Ka8 57. Rb6 Rxg4 58. Kd7 Rf4 59. Rxa6+ Kb8 60. Rf6 Rxb4 61. Na6+ 1-0

[Event "St Petersburg Spring op"]
[Site "St Petersburg"]
[Date "2012.03.28"]
[Round "7"]
[White "Pyatin, Alexander"]
[Black "Orlov, Vassily"]
[Result "0-1"]
[WhiteElo "2119"]
[BlackElo "2441"]
[PlyCount "98"]
[EventDate "2012.03.22"]
[EventType "swiss"]
[EventRounds "9"]
[EventCountry "RUS"]
[SourceTitle "EXT 2013"]
[Source "ChessBase"]
[SourceDate "2012.11.22"]
[SourceVersion "1"]
[SourceVersionDate "2012.11.22"]
[SourceQuality "1"]

1. e4 e5 2. Nf3 Nc6 3. d4 exd4 4. Nxd4 Nf6 5. Nc3 Bb4 6. Nxc6 bxc6 7. Bd3 0-0 8. 0-0 d5 9. exd5 cxd5 10. Bg5 c6 11. Qf3 Be7 12. Rae1 Re8 13. h3 h6 14. Bf4 Be6 15. Re2 Bd6 16. Rfe1 Rb8 17. Nd1 Rb4 18. Bc1 Bc7 19. c3 Re4 20. g4 Rxe2 21. Rxe2 Qd6 22. Qg2 d4 23. c4 Nd7 24. f4 Nc5 25. Nf2 Nxd3 26. Nxd3 Rd8 27. b3 f5 28. g5 Bf7 29. Qg3 a5 30. Bd2 Re8 31. Rxe8+ Bxe8 32. Qe1 Bh5 33. h4 Kh7 34. Kf2 Qa3 35. gxh6 Qxa2 36. hxg7 Qc2 37. Ne5 Bd8 38. Kg3 Qe4 39. Qxe4 fxe4 40. Nxc6 Bb6 41. Nxd4 Bxd4 42. Bxa5 e3 43. Be1 Kxg7 44. f5 Be5+ 45. Kg2 Kf6 46. b4 Kxf5 47. c5 Ke4 48. Bg3 Bxg3 49. Kxg3 Kd3 0-1

[Event "St Petersburg Spring op"]
[Site "St Petersburg"]
[Date "2012.03.24"]
[Round "3"]
[White "Pyatin, Alexander"]
[Black "Solovyov, Viktor"]
[Result "1/2-1/2"]
[WhiteElo "2119"]
[BlackElo "2281"]
[PlyCount "112"]
[EventDate "2012.03.22"]
[EventType "swiss"]
[EventRounds "9"]
[EventCountry "RUS"]
[SourceTitle "EXT 2013"]
[Source "ChessBase"]
[SourceDate "2012.11.22"]
[SourceVersion "1"]
[SourceVersionDate "2012.11.22"]
[SourceQuality "1"]

1. e4 c5 2. Nf3 e6 3. d4 cxd4 4. Nxd4 a6 5. Nc3 b5 6. Bd3 Qb6 7. Be3 Bc5 8. Be2 Nc6 9. Nxc6 dxc6 10. Bxc5 Qxc5 11. Qd3 Nf6 12. f4 e5 13. f5 a5 14. g4 a4 15. a3 b4 16. axb4 Qxb4 17. g5 Nd7 18. Rd1 a3 19. b3 0-0 20. Qe3 Nc5 21. 0-0 Ba6 22. Bxa6 Rxa6 23. Rfe1 a2 24. Ra1 Rfa8 25. Red1 g6 26. f6 Ne6 27. Na4 c5 28. Rxa2 c4 29. Raa1 cxb3 30. cxb3 Nd4 31. Rab1 h6 32. h4 Rc6 33. Rf1 Kh7 34. Kh1 Rc2 35. h5 Rg8 36. gxh6 Re2 37. Qh3 Qd2 38. Rb2 Qxh6 39. Rxe2 Nxe2 40. hxg6+ Rxg6 41. Qxh6+ Rxh6+ 42. Kg2 Nf4+ 43. Kf2 Rh2+ 44. Kf3 Kg6 45. Nc5 Kxf6 46. Ra1 Kg5 47. Rg1+ Kf6 48. Ra1 Kg5 49. Rg1+ Kh5 50. Nd7 Rh3+ 51. Rg3 Rxg3+ 52. Kxg3 Nd3 53. Kf3 Kg5 54. Ke3 Nb4 55. Nxe5 f5 56. Nf3+ Kf6 1/2-1/2

[Event "St Petersburg Spring op"]
[Site "St Petersburg"]
[Date "2011.03.27"]
[Round "5"]
[White "Pyatin, Alexander"]
[Black "Katyshkina, Anastasia"]
[Result "1/2-1/2"]
[WhiteElo "2109"]
[BlackElo "1907"]
[PlyCount "48"]
[EventDate "2011.03.23"]
[EventType "swiss"]
[EventRounds "9"]
[EventCountry "RUS"]
[SourceTitle "CBM 141 Extra"]
[Source "ChessBase"]
[SourceDate "2011.05.03"]
[SourceVersion "1"]
[SourceVersionDate "2011.05.03"]
[SourceQuality "1"]

1. e4 d5 2. exd5 Nf6 3. c4 c6 4. d4 cxd5 5. Nc3 Nc6 6. Nf3 Bg4 7. cxd5 Nxd5 8. Qb3 Bxf3 9. gxf3 Ndb4 10. Bb5 e6 11. a3 Nd5 12. Be3 Be7 13. Rg1 g6 14. Qa4 0-0 15. Rc1 Nb6 16. Qd1 Rc8 17. Ne2 Nd5 18. Qd2 Bf6 19. Kf1 Bg7 20. Kg2 Nce7 21. Kh1 Rxc1 22. Rxc1 Nf5 23. Ng3 Nh4 24. Be2 f5 1/2-1/2

[Event "St Petersburg Spring op"]
[Site "St Petersburg"]
[Date "2011.03.26"]
[Round "4"]
[White "Kaneyama, Men Cher"]
[Black "Pyatin, Alexander"]
[Result "1/2-1/2"]
[WhiteElo "1926"]
[BlackElo "2109"]
[PlyCount "52"]
[EventDate "2011.03.23"]
[EventType "swiss"]
[EventRounds "9"]
[EventCountry "RUS"]
[SourceTitle "CBM 141 Extra"]
[Source "ChessBase"]
[SourceDate "2011.05.03"]
[SourceVersion "1"]
[SourceVersionDate "2011.05.03"]
[SourceQuality "1"]

1. e4 Nf6 2. e5 Nd5 3. d4 d6 4. Nf3 Bg4 5. Be2 Nc6 6. 0-0 Nb6 7. exd6 exd6 8. c3 Be7 9. Nbd2 0-0 10. Re1 Re8 11. Nf1 d5 12. Bf4 Bd6 13. Bg3 h6 14. Ne3 Be6 15. Bd3 Nc8 16. Nh4 Bxg3 17. hxg3 Nd6 18. f4 g6 19. Ng4 Bxg4 20. Qxg4 Qf6 21. Nf3 h5 22. Qh4 Kg7 23. Ne5 Nf5 24. Qxf6+ Kxf6 25. Bxf5 gxf5 26. Kf2 Re6 1/2-1/2

[Event "St Petersburg Spring op"]
[Site "St Petersburg"]
[Date "2011.03.23"]
[Round "1"]
[White "Pyatin, Alexander"]
[Black "Bakhtin, Alexander"]
[Result "1-0"]
[WhiteElo "2109"]
[BlackElo "1769"]
[PlyCount "65"]
[EventDate "2011.03.23"]
[EventType "swiss"]
[EventRounds "9"]
[EventCountry "RUS"]
[SourceTitle "CBM 141 Extra"]
[Source "ChessBase"]
[SourceDate "2011.05.03"]
[SourceVersion "1"]
[SourceVersionDate "2011.05.03"]
[SourceQuality "1"]

1. e4 e5 2. Nf3 Nc6 3. d4 exd4 4. Nxd4 Bc5 5. Be3 Qf6 6. c3 Nge7 7. g3 0-0 8. Bg2 Ne5 9. Qe2 a6 10. f4 N5g6 11. h4 Nc6 12. h5 Nh8 13. e5 Qe7 14. Nf5 Qe6 15. Bxc5 d6 16. Nd4 Nxd4 17. Bxd4 Re8 18. 0-0 f6 19. f5 Qe7 20. e6 c5 21. Be3 Rb8 22. c4 b5 23. Nc3 bxc4 24. Nd5 Qa7 25. Qxc4 a5 26. Qg4 Kf8 27. Nxf6 Re7 28. Nxh7+ Ke8 29. Nf6+ Kd8 30. Nd5 Rxb2 31. Nxe7 Bb7 32. Nc6+ Bxc6 33. Bxc6 1-0

[Event "Chigorin Memorial 18th"]
[Site "St Petersburg"]
[Date "2010.11.03"]
[Round "7"]
[White "Pyatin, Alexander"]
[Black "Frolochkin, Vladimir"]
[Result "0-1"]
[WhiteElo "2099"]
[BlackElo "2331"]
[PlyCount "50"]
[EventDate "2010.10.28"]
[EventType "swiss"]
[EventRounds "9"]
[EventCountry "RUS"]
[SourceTitle "EXT 2011"]
[Source "ChessBase"]
[SourceDate "2010.11.26"]
[SourceVersion "1"]
[SourceVersionDate "2010.11.26"]
[SourceQuality "1"]

1. e4 e5 2. Nf3 Nc6 3. d4 exd4 4. Nxd4 Nf6 5. Nc3 Bb4 6. Nxc6 bxc6 7. Bd3 d5 8. exd5 cxd5 9. 0-0 0-0 10. Bg5 c6 11. Qf3 Be7 12. Rae1 h6 13. Bh4 Rb8 14. Nd1 Re8 15. h3 Rb4 16. Bg3 Bf8 17. Be5 Ne4 18. Bf4 f5 19. c3 Rb7 20. Qh5 Kh7 21. Ba6 Rbe7 22. Bxc8 Qxc8 23. f3 g6 24. Qh4 g5 25. Qh5 Nf6 0-1

[Event "Chigorin Memorial 18th"]
[Site "St Petersburg"]
[Date "2010.11.02"]
[Round "6"]
[White "Kosov, Ivan"]
[Black "Pyatin, Alexander"]
[Result "1-0"]
[WhiteElo "2388"]
[BlackElo "2099"]
[PlyCount "99"]
[EventDate "2010.10.28"]
[EventType "swiss"]
[EventRounds "9"]
[EventCountry "RUS"]
[SourceTitle "EXT 2011"]
[Source "ChessBase"]
[SourceDate "2010.11.26"]
[SourceVersion "1"]
[SourceVersionDate "2010.11.26"]
[SourceQuality "1"]

1. d4 Nf6 2. c4 c5 3. d5 e6 4. Nc3 exd5 5. cxd5 d6 6. e4 g6 7. Bd3 Bg7 8. h3 0-0 9. Nf3 b5 10. Nxb5 Nxe4 11. Bxe4 Re8 12. Ng5 Qa5+ 13. Nc3 Ba6 14. Bd2 Nd7 15. Qc2 Rab8 16. Kd1 Ne5 17. Qa4 Qb6 18. Re1 Nc4 19. Rb1 Nxb2+ 20. Rxb2 Qxb2 21. Qc2 Qb4 22. Re3 c4 23. h4 Qb2 24. h5 Bd4 25. hxg6 Qxc2+ 26. Bxc2 hxg6 27. Rxe8+ Rxe8 28. f3 Bb7 29. Nge4 Re5 30. f4 Rh5 31. Nxd6 Bxd5 32. Nxd5 Rxd5 33. Nxc4 Bc3 34. Kc1 Bxd2+ 35. Nxd2 Ra5 36. Bb1 Ra4 37. g3 Ra3 38. Nb3 Ra4 39. Kd2 g5 40. Ke3 gxf4+ 41. gxf4 Kf8 42. Nc5 Rc4 43. Ne4 Ke7 44. Bd3 Rb4 45. Bc2 Rb6 46. Bb3 Kf8 47. Kd4 Kg7 48. f5 f6 49. Be6 Ra6 50. Kc5 1-0

[Event "Peterhof op"]
[Site "Peterhof"]
[Date "2010.01.10"]
[Round "9"]
[White "Pyatin, Alexander"]
[Black "Belov, Vadim G"]
[Result "1/2-1/2"]
[WhiteElo "2102"]
[BlackElo "2313"]
[PlyCount "52"]
[EventDate "2010.01.03"]
[EventType "swiss"]
[EventRounds "9"]
[EventCountry "RUS"]
[SourceTitle "CBM 134 Extra"]
[Source "ChessBase"]
[SourceDate "2010.03.03"]
[SourceVersion "1"]
[SourceVersionDate "2010.03.03"]
[SourceQuality "1"]

1. e4 e6 2. d4 d5 3. Nc3 Bb4 4. Nge2 dxe4 5. a3 Be7 6. Nxe4 b6 7. c3 Bb7 8. Qc2 Nd7 9. N2g3 Ngf6 10. Bd3 c5 11. dxc5 Nxc5 12. Nxf6+ Bxf6 13. Bb5+ Kf8 14. f3 Qd5 15. Qe2 Rc8 16. Be3 Qd6 17. Rd1 Qc7 18. 0-0 a6 19. Bd3 Nxd3 20. Qxd3 Bd5 21. Rfe1 b5 22. Bd4 Bxd4+ 23. Qxd4 Qc5 24. Qxc5+ Rxc5 25. Ne2 Ke7 26. Nf4 Bb3 1/2-1/2